| 000 | 00577nam a2200181 a 4500 | ||
|---|---|---|---|
| 001 | 000012993 | ||
| 005 | 20240412074236.0 | ||
| 008 | 091119s1985 dr a r 000 f spa d | ||
| 040 |
_aDO-SdBNP _bspa _cBNPHU |
||
| 082 |
_aRD863.44 _bR696g |
||
| 100 | 1 |
_aRodríguez, Fray José, _cp. Mantilla _929964 |
|
| 245 | 1 | 0 |
_aGloriosa victima : _bnovela / _cFray José Rodríguez. |
| 260 |
_aSanto Domingo : _bTele-3, _c1985. |
||
| 300 |
_a333 p. : _bil. ; _c21 cm. |
||
| 590 | _aInventariado, 2019/VM | ||
| 650 | 0 |
_aNovela histórica dominicana. _9860 |
|
| 650 | 0 |
_aLiteratura dominicana. _967 |
|
| 999 |
_c12640 _d12640 |
||